000 00461nam a2200181Ia 4500
005 20250603145231.0
008 250603s9999 xx 000 0 und d
020 _a978-1-59784-121-4
050 _aBP 80 .K48 H3913/
100 _aHaylamaz, Resit
245 0 _aKhadija : The first muslim and the wife of the prophet Muhammed
260 _aNew Jersey
260 _bTughra Books
260 _c2010
300 _a99 p
650 _aNew Jersey
942 _cBK
999 _c41264
_d41264